00521 a2200133 4500020002800000082001700028100002400045245008600069260003900155300003400194650002300228999001500251952012100266 a0131498630 (alk. paper) a808.0666 ROS aRosenberg, Barry J. aSpring into technical writing for engineers and scientists /cBarry J. Rosenberg. aIndia :bPearson education,c2005. axxi, 318 p. :bill. ;c23 cm. aTechnical writing. c1834d1834 00104070aNITbNITcCEd0000-00-00l1o808.0666 ROSpNIT-6235 q2019-12-04r2019-10-23s2019-10-23w2017-01-05yBK